[Event "CZE-chT2D 1920"]
[Site "Czech Republic"]
[Date "2019.11.17"]
[Round "3.7"]
[White "Tuma, Jan"]
[Black "Bilek, Roman"]
[Result "1/2-1/2"]
[WhiteElo "2025"]
[BlackElo "1822"]
[PlyCount "165"]
[EventDate "2019.10.13"]
[EventType "team-tourn"]
[EventRounds "11"]
[EventCountry "CZE"]
[SourceTitle "EXT 2024"]
[Source "ChessBase"]
[SourceDate "2023.10.10"]
[SourceVersion "1"]
[SourceVersionDate "2023.10.10"]
[SourceQuality "1"]
[WhiteTeam "Chotebor"]
[BlackTeam "Zdar nad Sazavou"]
[WhiteTeamCountry "CZE"]
[BlackTeamCountry "CZE"]

1. e4 d5 2. exd5 Qxd5 3. Nc3 Qa5 4. Bc4 Nf6 5. Nge2 c6 6. 0-0 Bf5 7. d4 e6 8. Bf4 Nbd7 9. a3 Be7 10. b4 Qd8 11. b5 0-0 12. bxc6 bxc6 13. Ng3 Bg6 14. Bd3 Nd5 15. Bxg6 hxg6 16. Nce2 Nxf4 17. Nxf4 Nf6 18. Qd3 Qd6 19. Nfe2 Rfd8 20. Ne4 Nxe4 21. Qxe4 Qd5 22. Qe3 Rd7 23. a4 Rad8 24. a5 c5 25. c3 cxd4 26. cxd4 Bf6 27. a6 Bxd4 28. Nxd4 Qxd4 29. Qxd4 Rxd4 30. Rfb1 R4d6 31. Kf1 R8d7 32. Rb8+ Kh7 33. Rb7 Rxa6 34. Rxa6 Rxb7 35. Ke2 Rd7 36. Ke3 g5 37. Ra2 Kg6 38. Ke4 Kf6 39. h3 Ke7 40. g3 f5+ 41. Ke3 Kf6 42. Ra5 g6 43. Kf3 Rh7 44. Ke3 Rxh3 45. Rxa7 f4+ 46. Kf3 fxg3 47. fxg3 Rh8 48. Ke4 Rb8 49. Ra3 Rb4+ 50. Kf3 g4+ 51. Kf2 Kf5 52. Ke3 e5 53. Ra2 Rb3+ 54. Kf2 Rf3+ 55. Kg2 Rd3 56. Re2 Ke6 57. Kf2 Kd5 58. Ra2 Ke4 59. Ra4+ Rd4 60. Ra2 Rb4 61. Re2+ Kd4 62. Rd2+ Kc3 63. Rd5 Re4 64. Rd6 g5 65. Rg6 Kd3 66. Rxg5 Re2+ 67. Kf1 Re4 68. Kf2 Re2+ 69. Kf1 e4 70. Rxg4 Ra2 71. Rg8 Ra1+ 72. Kg2 e3 73. Rd8+ Ke2 74. Re8 Ra2 75. Rd8 Rd2 76. Re8 Kd1+ 77. Kf3 e2 78. g4 e1Q 79. Rxe1+ Kxe1 80. g5 Rf2+ 81. Ke4 Kd2 82. g6 Kc3 83. Ke5 1/2-1/2

[Event "CZE-chT2D 1617"]
[Site "Czech Republic"]
[Date "2016.10.30"]
[Round "2.7"]
[White "Bilek, Roman"]
[Black "Nun, Josef"]
[Result "0-1"]
[WhiteElo "1876"]
[BlackElo "2196"]
[PlyCount "42"]
[EventDate "2016.10.09"]
[EventType "team-tourn"]
[EventRounds "11"]
[EventCountry "CZE"]
[SourceTitle "EXT 2022"]
[Source "ChessBase"]
[SourceDate "2021.10.06"]
[SourceVersion "1"]
[SourceVersionDate "2021.10.06"]
[SourceQuality "1"]
[WhiteTeam "Zdar nad Sazavou"]
[BlackTeam "Hradec Kralove II"]
[WhiteTeamCountry "CZE"]
[BlackTeamCountry "CZE"]

1. e4 c6 2. d4 g6 3. Nf3 d5 4. exd5 cxd5 5. c4 Nf6 6. Nc3 Bg7 7. Qb3 dxc4 8. Bxc4 0-0 9. 0-0 Nc6 10. Qd1 Bg4 11. Be3 e6 12. Be2 Nd5 13. h3 Bxf3 14. Bxf3 Nxe3 15. fxe3 Qb6 16. Qe2 Rad8 17. Rac1 Ne7 18. b3 Nf5 19. Qf2 Nxe3 20. Rfe1 Nf5 21. Na4 Qd6 0-1

[Event "Prague Summer op-B 3rd"]
[Site "Prague"]
[Date "2016.08.08"]
[Round "5"]
[White "Bilek, Roman"]
[Black "Gonsior, Monika"]
[Result "1/2-1/2"]
[WhiteElo "1880"]
[BlackElo "1960"]
[PlyCount "76"]
[EventDate "2016.08.05"]
[EventType "swiss"]
[EventRounds "9"]
[EventCountry "CZE"]
[SourceTitle "CBM 173 Extra"]
[Source "ChessBase"]
[SourceDate "2016.08.29"]
[SourceVersion "1"]
[SourceVersionDate "2016.08.29"]
[SourceQuality "1"]

1. e4 e5 2. Nf3 Nc6 3. Bb5 Bc5 4. c3 Nf6 5. 0-0 Nxe4 6. Qe2 d5 7. Nxe5 Qf6 8. d4 Bb6 9. Nxc6 bxc6 10. Bd3 Qe6 11. Nd2 Nxd2 12. Qxe6+ Bxe6 13. Bxd2 0-0 14. Be3 a5 15. f4 Rfe8 16. Rae1 f6 17. h3 a4 18. g4 Ba5 19. Re2 Bd7 20. Rfe1 g6 21. Bc1 Kf7 22. Rxe8 Bxe8 23. Re2 Bb6 24. Be3 Ra5 25. Bf2 c5 26. dxc5 Bxc5 27. Bxc5 Rxc5 28. Kf2 a3 29. Ke3 axb2 30. Rxb2 Rxc3 31. Kd4 Ra3 32. Rb7 Rxa2 33. Rxc7+ Ke6 34. Rxh7 Ra4+ 35. Ke3 d4+ 36. Kd2 Ra2+ 37. Ke1 Ra1+ 38. Kd2 Ra2+ 1/2-1/2

[Event "Prague Holiday K22"]
[Site "Prague"]
[Date "2016.07.25"]
[Round "3"]
[White "Nentvich, Libor"]
[Black "Bilek, Roman"]
[Result "1/2-1/2"]
[WhiteElo "1962"]
[BlackElo "1888"]
[PlyCount "38"]
[EventDate "2016.07.24"]
[EventType "tourn"]
[EventRounds "9"]
[EventCountry "CZE"]
[SourceTitle "EXT 2023"]
[Source "ChessBase"]
[SourceDate "2022.10.05"]
[SourceVersion "1"]
[SourceVersionDate "2022.10.05"]
[SourceQuality "1"]

1. e4 d5 2. exd5 Qxd5 3. Nc3 Qd6 4. d4 Nf6 5. Bc4 a6 6. Nge2 Nc6 7. Bf4 e5 8. dxe5 Nxe5 9. Bb3 Qxd1+ 10. Rxd1 Bd6 11. 0-0 0-0 12. Nd5 Nxd5 13. Bxd5 Re8 14. Rfe1 Rb8 15. Nc3 h6 16. Bg3 Bf5 17. Ne4 Bf8 18. Nc3 Bd6 19. Ne4 Bf8 1/2-1/2

[Event "Prague Holiday K11"]
[Site "Prague"]
[Date "2015.07.24"]
[Round "9"]
[White "Danhel, Lukas"]
[Black "Bilek, Roman"]
[Result "0-1"]
[WhiteElo "1798"]
[BlackElo "1915"]
[PlyCount "98"]
[EventDate "2015.07.19"]
[EventType "tourn"]
[EventRounds "9"]
[EventCountry "CZE"]
[SourceTitle "EXT 2017"]
[Source "ChessBase"]
[SourceDate "2016.10.25"]
[SourceVersion "1"]
[SourceVersionDate "2016.10.25"]
[SourceQuality "1"]

1. e4 d5 2. exd5 Qxd5 3. d4 Nf6 4. c4 Qd6 5. Nc3 a6 6. h3 Nc6 7. Nf3 e5 8. d5 Nb8 9. Bd3 c6 10. dxc6 Nxc6 11. 0-0 Be7 12. Re1 0-0 13. Qe2 Re8 14. Bg5 Be6 15. Rad1 Nd4 16. Nxd4 exd4 17. Bxf6 Bxf6 18. Ne4 Qe5 19. Nxf6+ Qxf6 20. Qe4 g6 21. Qxb7 Rab8 22. Qxa6 Rxb2 23. Re2 Reb8 24. Rdd2 Rxd2 25. Rxd2 Qg5 26. Qd6 Rc8 27. Rc2 Bxh3 28. Qd5 Qxd5 29. cxd5 Rxc2 30. Bxc2 Bd7 31. Kf1 Bb5+ 32. Ke1 Kf8 33. Kd2 Ke7 34. Bd3 Bd7 35. Bc4 Kd6 36. Bb3 f6 37. Kd3 Kc5 38. a3 h5 39. Bd1 Kxd5 40. a4 h4 41. a5 Bb5+ 42. Kd2 Bf1 43. Bf3+ Kc5 44. Ke1 Ba6 45. Be2 Bb7 46. f3 Kb4 47. a6 Bc6 48. Kd2 Kc5 49. Bd3 f5 0-1

[Event "Prague Holiday K11"]
[Site "Prague"]
[Date "2015.07.19"]
[Round "1"]
[White "Bilek, Roman"]
[Black "Pokorny, Jan1111"]
[Result "1/2-1/2"]
[WhiteElo "1915"]
[BlackElo "1839"]
[PlyCount "101"]
[EventDate "2015.07.19"]
[EventType "tourn"]
[EventRounds "9"]
[EventCountry "CZE"]
[SourceTitle "EXT 2017"]
[Source "ChessBase"]
[SourceDate "2016.10.25"]
[SourceVersion "1"]
[SourceVersionDate "2016.10.25"]
[SourceQuality "1"]

1. d4 d6 2. e4 Nf6 3. Nc3 g6 4. Nf3 Bg7 5. Be2 0-0 6. 0-0 b6 7. Re1 Bb7 8. Bf1 c5 9. d5 Nfd7 10. Bf4 Ba6 11. Qd2 Bxf1 12. Rxf1 Re8 13. Rad1 Ne5 14. Nxe5 dxe5 15. Bh6 Nd7 16. Bxg7 Kxg7 17. f4 a6 18. f5 Nf6 19. h3 b5 20. Qe3 Qd6 21. g4 h6 22. Ne2 g5 23. Kg2 Rh8 24. Ng1 Nd7 25. Nf3 f6 26. c4 Nb6 27. cxb5 axb5 28. a3 Ra4 29. Nd2 c4 30. Rc1 Rc8 31. h4 Rh8 32. Rh1 Raa8 33. Rh3 Rac8 34. Nf3 Kf7 35. Rch1 Rhg8 36. hxg5 hxg5 37. Rh7+ Ke8 38. R1h6 Qc5 39. Qxc5 Rxc5 40. Rg6 Rf8 41. Nxg5 Nxd5 42. exd5 c3 43. bxc3 fxg5 44. Rc6 Rxd5 45. Rc8+ Rd8 46. Rxd8+ Kxd8 47. Kf3 Kd7 48. Ke4 Rc8 49. f6 Ke6 50. fxe7 Rc4+ 51. Kd3 1/2-1/2

[Event "CZE-chT2D 1415"]
[Site "Czech Republic"]
[Date "2014.11.16"]
[Round "2.7"]
[White "Bilek, Roman"]
[Black "Ruda, Ondrej"]
[Result "1/2-1/2"]
[WhiteElo "1928"]
[BlackElo "2060"]
[PlyCount "100"]
[EventDate "2014.11.02"]
[EventType "team-tourn"]
[EventRounds "11"]
[EventCountry "CZE"]
[SourceTitle "EXT 2022"]
[Source "ChessBase"]
[SourceDate "2021.10.06"]
[SourceVersion "1"]
[SourceVersionDate "2021.10.06"]
[SourceQuality "1"]
[WhiteTeam "Zdar nad Sazavou"]
[BlackTeam "Lipa ZVU Engineering"]
[WhiteTeamCountry "CZE"]
[BlackTeamCountry "CZE"]

1. d4 d5 2. c4 c6 3. Nf3 Nf6 4. e3 Bg4 5. Nc3 e6 6. Qb3 Qb6 7. Ne5 Bf5 8. Bd2 Nbd7 9. Nxd7 Nxd7 10. Qxb6 axb6 11. cxd5 exd5 12. Be2 Be7 13. 0-0 0-0 14. g4 Be6 15. f4 f5 16. g5 b5 17. b3 Ba3 18. Bc1 Nb6 19. Bxa3 Rxa3 20. Rfb1 Rfa8 21. Rb2 Kf7 22. Nb1 R3a7 23. Nd2 Nc8 24. Nf3 Nd6 25. Ne5+ Ke7 26. Bd3 Ne4 27. Bxe4 dxe4 28. a4 Bc8 29. Rc1 bxa4 30. bxa4 Rxa4 31. Nc4 Ra1 32. Rxa1 Rxa1+ 33. Kg2 b5 34. Ne5 Bd7 35. Rc2 Ra6 36. h4 b4 37. Rb2 Rb6 38. h5 Be8 39. h6 gxh6 40. gxh6 b3 41. Kg3 Bh5 42. Kh4 Bd1 43. Nc4 Ra6 44. Rg2 Bg4 45. Rb2 c5 46. dxc5 Rxh6+ 47. Kg3 Rc6 48. Ne5 Rxc5 49. Nxg4 fxg4 50. Rxb3 h5 1/2-1/2

[Event "Prague Holiday M21"]
[Site "Prague"]
[Date "2014.07.29"]
[Round "4"]
[White "Nilsson, Patrik"]
[Black "Bilek, Roman"]
[Result "1-0"]
[WhiteElo "2121"]
[BlackElo "1958"]
[PlyCount "68"]
[EventDate "2014.07.27"]
[EventType "tourn"]
[EventRounds "9"]
[EventCountry "CZE"]
[SourceTitle "EXT 2023"]
[Source "ChessBase"]
[SourceDate "2022.10.05"]
[SourceVersion "1"]
[SourceVersionDate "2022.10.05"]
[SourceQuality "1"]

1. e4 Nf6 2. e5 Nd5 3. Nf3 d6 4. exd6 Qxd6 5. d4 Bf5 6. a3 e6 7. c4 Nf6 8. Nc3 c5 9. Nb5 Qb6 10. b4 cxb4 11. c5 Bxc5 12. dxc5 Qxc5 13. Be3 Qe7 14. Nd6+ Kf8 15. Nc8 Qc7 16. Rc1 Nc6 17. Nxa7 bxa3 18. Qa4 Kg8 19. Qxa3 Nd5 20. Qc5 Nxe3 21. fxe3 h6 22. Nxc6 bxc6 23. Qxc6 Qxc6 24. Rxc6 Ra1+ 25. Kf2 Kh7 26. Rg1 Rb8 27. Nd4 Rb2+ 28. Be2 Raa2 29. Kf3 Bg6 30. Rc5 f6 31. Rb5 e5 32. Rxb2 Rxb2 33. Ne6 Bf5 34. Nc5 h5 1-0

[Event "Prague Holiday M21"]
[Site "Prague"]
[Date "2014.07.28"]
[Round "3"]
[White "Bilek, Roman"]
[Black "Sisak, Richard"]
[Result "1-0"]
[WhiteElo "1958"]
[BlackElo "2017"]
[PlyCount "63"]
[EventDate "2014.07.27"]
[EventType "tourn"]
[EventRounds "9"]
[EventCountry "CZE"]
[SourceTitle "EXT 2023"]
[Source "ChessBase"]
[SourceDate "2022.10.05"]
[SourceVersion "1"]
[SourceVersionDate "2022.10.05"]
[SourceQuality "1"]

1. e4 d6 2. d4 g6 3. Nf3 Bg7 4. Nc3 a6 5. a4 b6 6. Bc4 e6 7. 0-0 h6 8. h3 Ne7 9. Re1 Bb7 10. Qe2 0-0 11. Be3 Nd7 12. Qd2 Kh7 13. Rad1 Nf6 14. Bd3 d5 15. e5 Nd7 16. Ne2 c5 17. c3 Qc7 18. Nf4 c4 19. Bc2 Bc6 20. Nh5 Ng8 21. Nxg7 Kxg7 22. g4 Rfb8 23. h4 Nf8 24. h5 b5 25. axb5 Rxb5 26. g5 hxg5 27. hxg6 Nxg6 28. Nxg5 Rxb2 29. Kg2 Ba4 30. Rc1 N8e7 31. Rh1 Nf5 32. Rh7+ 1-0

[Event "Prague Holiday M21"]
[Site "Prague"]
[Date "2014.07.27"]
[Round "2"]
[White "Hanl, Frantisek"]
[Black "Bilek, Roman"]
[Result "1-0"]
[WhiteElo "1958"]
[BlackElo "1958"]
[PlyCount "47"]
[EventDate "2014.07.27"]
[EventType "tourn"]
[EventRounds "9"]
[EventCountry "CZE"]
[SourceTitle "EXT 2023"]
[Source "ChessBase"]
[SourceDate "2022.10.05"]
[SourceVersion "1"]
[SourceVersionDate "2022.10.05"]
[SourceQuality "1"]

1. e4 c5 2. Nf3 e6 3. d4 cxd4 4. Nxd4 a6 5. Bd3 Nc6 6. Be3 Qc7 7. 0-0 Bd6 8. f4 Nge7 9. c3 e5 10. Nxc6 dxc6 11. f5 f6 12. Nd2 b5 13. a4 Bb7 14. Qh5+ Kf8 15. c4 Bb4 16. axb5 cxb5 17. cxb5 axb5 18. Rxa8+ Bxa8 19. Nb3 Bc6 20. Rc1 Qb7 21. Nc5 Bxc5 22. Bxc5 Bxe4 23. Bxe4 Qxe4 24. Qd1 1-0

[Event "Prague Holiday M21"]
[Site "Prague"]
[Date "2013.07.24"]
[Round "6"]
[White "Bilek, Roman"]
[Black "Knoflicek, Ctibor"]
[Result "0-1"]
[WhiteElo "1958"]
[BlackElo "2170"]
[PlyCount "62"]
[EventDate "2013.07.21"]
[EventType "tourn"]
[EventRounds "9"]
[EventCountry "CZE"]
[SourceTitle "EXT 2023"]
[Source "ChessBase"]
[SourceDate "2022.10.05"]
[SourceVersion "1"]
[SourceVersionDate "2022.10.05"]
[SourceQuality "1"]

1. e4 c5 2. b3 d5 3. exd5 Qxd5 4. Nc3 Qd8 5. Bb2 Nf6 6. Nf3 Nc6 7. Bb5 Bd7 8. 0-0 e6 9. d4 a6 10. Bxc6 Bxc6 11. Ne5 cxd4 12. Nxc6 bxc6 13. Na4 c5 14. Qe2 Bd6 15. Rfd1 0-0 16. c3 e5 17. cxd4 exd4 18. Rac1 Re8 19. Qf3 Rc8 20. g3 Qd7 21. Nb6 Qc6 22. Qxc6 Rxc6 23. Nc4 Bf8 24. Kf1 Rce6 25. Re1 Ne4 26. f3 Ng5 27. Rxe6 Nxe6 28. Re1 f6 29. Kf2 Kf7 30. f4 g6 31. Kf3 Ng5+ 0-1

[Event "Prague Holiday M21"]
[Site "Prague"]
[Date "2013.07.23"]
[Round "4"]
[White "Bilek, Roman"]
[Black "Dalling, Peter"]
[Result "1-0"]
[WhiteElo "1958"]
[BlackElo "1941"]
[PlyCount "29"]
[EventDate "2013.07.21"]
[EventType "tourn"]
[EventRounds "9"]
[EventCountry "CZE"]
[SourceTitle "EXT 2023"]
[Source "ChessBase"]
[SourceDate "2022.10.05"]
[SourceVersion "1"]
[SourceVersionDate "2022.10.05"]
[SourceQuality "1"]

1. e4 e5 2. Nf3 Nc6 3. d4 exd4 4. Nxd4 Bc5 5. Be3 Nxd4 6. Bxd4 Bxd4 7. Qxd4 Qg5 8. Nc3 c6 9. g3 Ne7 10. f4 Qg6 11. 0-0-0 0-0 12. Bd3 f5 13. Qc5 Qf6 14. e5 Qe6 15. Bc4 1-0

[Event "Prague Holiday M21"]
[Site "Prague"]
[Date "2013.07.23"]
[Round "5"]
[White "Heissenberger, Andreas"]
[Black "Bilek, Roman"]
[Result "1-0"]
[WhiteElo "2021"]
[BlackElo "1958"]
[PlyCount "66"]
[EventDate "2013.07.21"]
[EventType "tourn"]
[EventRounds "9"]
[EventCountry "CZE"]
[SourceTitle "EXT 2023"]
[Source "ChessBase"]
[SourceDate "2022.10.05"]
[SourceVersion "1"]
[SourceVersionDate "2022.10.05"]
[SourceQuality "1"]

1. e4 Nf6 2. Nc3 e5 3. Nf3 Nc6 4. d4 exd4 5. Nxd4 Bb4 6. Nxc6 bxc6 7. Bd3 d5 8. exd5 cxd5 9. 0-0 0-0 10. Bg5 c6 11. Qf3 h6 12. Bxf6 Qxf6 13. Qxf6 gxf6 14. Ne2 Bd7 15. c3 Bd6 16. Ng3 Rab8 17. b3 Rfe8 18. Rfd1 Re5 19. c4 Rg5 20. h4 Rg4 21. Bf5 Bxf5 22. Nxf5 Bf8 23. cxd5 cxd5 24. Rxd5 Kh7 25. g3 Re4 26. Rad1 h5 27. Nd6 Bxd6 28. Rxd6 Kg7 29. Ra6 Rb7 30. Rdd6 f5 31. Rd5 f4 32. gxf4 Rxf4 33. Rxh5 Rd7 1-0

[Event "Prague Holiday M21"]
[Site "Prague"]
[Date "2013.07.21"]
[Round "1"]
[White "Bilek, Roman"]
[Black "Janacek, Jaroslav"]
[Result "1-0"]
[WhiteElo "1958"]
[BlackElo "2042"]
[PlyCount "83"]
[EventDate "2013.07.21"]
[EventType "tourn"]
[EventRounds "9"]
[EventCountry "CZE"]
[SourceTitle "EXT 2023"]
[Source "ChessBase"]
[SourceDate "2022.10.05"]
[SourceVersion "1"]
[SourceVersionDate "2022.10.05"]
[SourceQuality "1"]

1. e4 d6 2. d4 Nf6 3. Nc3 g6 4. Nf3 Bg7 5. Be2 0-0 6. 0-0 Bg4 7. Be3 Nc6 8. h3 Bxf3 9. Bxf3 e5 10. d5 Ne7 11. Qd2 Kh8 12. Bh6 Bxh6 13. Qxh6 Nfg8 14. Qh4 f5 15. Be2 f4 16. Rfd1 Nf6 17. f3 Nh5 18. Qf2 g5 19. Nb5 a6 20. Na3 Ng3 21. c4 b6 22. Rac1 Rf6 23. Nb1 a5 24. Nc3 Qd7 25. Rd2 Rh6 26. b3 Rh4 27. Bf1 Ng8 28. Ne2 Nxe2+ 29. Rxe2 Nf6 30. a3 Nh5 31. b4 Ng3 32. Rec2 axb4 33. axb4 h5 34. c5 bxc5 35. bxc5 g4 36. cxd6 gxh3 37. gxh3 Rg8 38. dxc7 Ne2+ 39. Kh2 Nxc1 40. Qxh4 Qa4 41. Qxh5+ Kg7 42. Rg2+ 1-0

[Event "Prague op-A 11th"]
[Site "Prague"]
[Date "2012.01.19"]
[Round "8"]
[White "Jourde, Michel"]
[Black "Bilek, Roman"]
[Result "1-0"]
[WhiteElo "1840"]
[BlackElo "1977"]
[PlyCount "51"]
[EventDate "2012.01.13"]
[EventType "swiss"]
[EventRounds "9"]
[EventCountry "CZE"]
[SourceTitle "CBM 146 Extra"]
[Source "ChessBase"]
[SourceDate "2012.02.29"]
[SourceVersion "1"]
[SourceVersionDate "2012.02.29"]
[SourceQuality "1"]

1. e4 e6 2. d4 d5 3. e5 c5 4. c3 Nc6 5. Nf3 Qb6 6. Bd3 Bd7 7. dxc5 Bxc5 8. 0-0 a5 9. Nbd2 a4 10. b4 Be7 11. b5 Nd8 12. Nd4 f5 13. N2f3 Nf7 14. Re1 Ngh6 15. h3 0-0 16. c4 dxc4 17. Bxc4 g5 18. Nxf5 Nxf5 19. Qxd7 Bc5 20. Rf1 Rad8 21. Qxe6 Bxf2+ 22. Rxf2 Rd1+ 23. Kh2 Qxf2 24. Qxf5 Qc5 25. Nxg5 Kh8 26. Qf6+ 1-0

[Event "Prague op-A 11th"]
[Site "Prague"]
[Date "2012.01.18"]
[Round "7"]
[White "Bilek, Roman"]
[Black "Lacina, Filip"]
[Result "0-1"]
[WhiteElo "1977"]
[BlackElo "2043"]
[PlyCount "104"]
[EventDate "2012.01.13"]
[EventType "swiss"]
[EventRounds "9"]
[EventCountry "CZE"]
[SourceTitle "CBM 146 Extra"]
[Source "ChessBase"]
[SourceDate "2012.02.29"]
[SourceVersion "1"]
[SourceVersionDate "2012.02.29"]
[SourceQuality "1"]

1. e4 c6 2. d4 d5 3. exd5 cxd5 4. c4 Nf6 5. Nc3 e6 6. Nf3 Bb4 7. Bd3 0-0 8. 0-0 dxc4 9. Bxc4 b6 10. Qe2 Bb7 11. a3 Bxc3 12. bxc3 Nbd7 13. Bg5 Qc7 14. Rac1 Ng4 15. Ne5 Ngxe5 16. dxe5 Qxe5 17. Qxe5 Nxe5 18. Be2 Rac8 19. c4 Ba6 20. Rfd1 Bxc4 21. Bxc4 Nxc4 22. Be7 Rfe8 23. f3 f6 24. Rd7 a5 25. Rcd1 Rc6 26. Rb7 Rec8 27. Bd8 Ne3 28. Rd3 Rc1+ 29. Kf2 Nf1 30. f4 R8c2+ 31. Kf3 Nxh2+ 32. Kg3 Nf1+ 33. Kh4 Rd2 34. Rxd2 Nxd2 35. Rxb6 Ne4 36. Kg4 f5+ 37. Kf3 Rc3+ 38. Ke2 Rxa3 39. Rxe6 Ra2+ 40. Kf3 Ra3+ 41. Ke2 Ra2+ 42. Kf3 a4 43. Ra6 Rf2+ 44. Ke3 Rxg2 45. Rxa4 Rg3+ 46. Kd4 Rd3+ 47. Kxd3 Nc5+ 48. Kd4 Nxa4 49. Ke5 g6 50. Kf6 Nc3 51. Kg5 Ne4+ 52. Kh6 Nd6 0-1

[Event "Zdar nad Sazavou Vysocina op 7th"]
[Site "Zdar nad Sazavou"]
[Date "2010.10.02"]
[Round "9"]
[White "Janas, Vladimir"]
[Black "Bilek, Roman"]
[Result "1/2-1/2"]
[WhiteElo "1902"]
[BlackElo "1968"]
[PlyCount "76"]
[EventDate "2010.09.25"]
[EventType "swiss"]
[EventRounds "9"]
[EventCountry "CZE"]
[SourceTitle "CBM 138 Extra"]
[Source "ChessBase"]
[SourceDate "2010.10.29"]
[SourceVersion "1"]
[SourceVersionDate "2010.10.29"]
[SourceQuality "1"]

1. c4 Nf6 2. Nc3 g6 3. g3 Bg7 4. Bg2 0-0 5. Nf3 d6 6. d4 Nc6 7. e4 a6 8. d5 Na5 9. Nd2 c5 10. 0-0 Rb8 11. Qc2 b5 12. Nd1 Ng4 13. Rb1 bxc4 14. Nxc4 Nxc4 15. Qxc4 Bd7 16. Re1 Bb5 17. Qc2 Qa5 18. Nc3 Bd4 19. Be3 Nxe3 20. fxe3 Bxc3 21. bxc3 Qa4 22. Qxa4 Bxa4 23. Rxb8 Rxb8 24. Bf1 Bc2 25. e5 dxe5 26. Bxa6 Be4 27. Bc4 Ra8 28. Rf1 Ra7 29. Rf2 Kg7 30. Rb2 Ra3 31. Bb3 c4 32. Bxc4 Rxc3 33. Bb3 Rc1+ 34. Kf2 Rh1 35. Rd2 Rxh2+ 36. Ke1 Rh1+ 37. Kf2 Rh2+ 38. Ke1 Rh1+ 1/2-1/2

[Event "Prague Golden op"]
[Site "Prague"]
[Date "2010.07.??"]
[Round "3"]
[White "Bilek, Roman"]
[Black "Hinz, Frantisek"]
[Result "0-1"]
[WhiteElo "1965"]
[BlackElo "2065"]
[PlyCount "106"]
[EventDate "2010.07.??"]
[EventType "swiss"]
[EventRounds "9"]
[EventCountry "CZE"]
[SourceTitle "EXT 2012"]
[Source "ChessBase"]
[SourceDate "2011.11.24"]
[SourceVersion "1"]
[SourceVersionDate "2011.11.24"]
[SourceQuality "1"]

1. e4 c5 2. c3 d5 3. exd5 Qxd5 4. d4 Nf6 5. Nf3 Nc6 6. Be2 e6 7. 0-0 Be7 8. Na3 0-0 9. Nb5 Ne8 10. dxc5 Qxd1 11. Rxd1 Bxc5 12. Nbd4 Nxd4 13. Nxd4 e5 14. Nb3 Bb6 15. Bf3 Nf6 16. h3 h6 17. g4 g5 18. Re1 Re8 19. Be3 Bc7 20. Rad1 a5 21. a4 e4 22. Bg2 Bd7 23. Nc5 Bc6 24. Bd4 b6 25. Bxf6 bxc5 26. c4 Re6 27. Bc3 Bxa4 28. Rd5 Bc6 29. Rxc5 Bb6 30. Re5 Rxe5 31. Bxe5 Re8 32. Bc3 a4 33. Kf1 Kh7 34. Rd1 Re6 35. Bb4 Kg6 36. Rd6 Rxd6 37. Bxd6 Bd4 38. Ba3 f5 39. gxf5+ Kxf5 40. Ke1 h5 41. Bf1 g4 42. hxg4+ hxg4 43. Bg2 Bd7 44. Bf1 Kf4 45. Bd6+ Kf3 46. Be2+ Kg2 47. Ba3 Bxf2+ 48. Kd2 Bd4 49. Ke1 Kg1 50. c5 g3 51. Bc4 Bc6 52. b3 axb3 53. Bxb3 Kh1 0-1

[Event "Prague Golden op"]
[Site "Prague"]
[Date "2010.07.??"]
[Round "6"]
[White "Bilek, Roman"]
[Black "Liuba, Volodymyr"]
[Result "0-1"]
[WhiteElo "1965"]
[BlackElo "2165"]
[PlyCount "62"]
[EventDate "2010.07.??"]
[EventType "swiss"]
[EventRounds "9"]
[EventCountry "CZE"]
[SourceTitle "EXT 2012"]
[Source "ChessBase"]
[SourceDate "2011.11.24"]
[SourceVersion "1"]
[SourceVersionDate "2011.11.24"]
[SourceQuality "1"]

1. e4 c5 2. c3 d6 3. d4 Nf6 4. dxc5 Nc6 5. f3 d5 6. exd5 Nxd5 7. Bc4 e6 8. Bxd5 Qxd5 9. Qxd5 exd5 10. Be3 Bf5 11. Kf2 Ne5 12. b3 Nd3+ 13. Kg3 Nxc5 14. Ne2 Bd6+ 15. Bf4 0-0-0 16. Bxd6 Rxd6 17. Nd4 Rg6+ 18. Kf4 Re8 19. g4 Nd3+ 20. Kg3 Bxg4 21. fxg4 Re3+ 22. Nf3 h5 23. h3 f5 24. g5 Rxg5+ 25. Kh4 Rg2 26. Nbd2 g5+ 27. Kxh5 g4 28. hxg4 fxg4 29. Nd4 Rxd2 30. Rhg1 Nf2 31. Kg5 Nh3+ 0-1

[Event "Prague Golden op"]
[Site "Prague"]
[Date "2010.07.??"]
[Round "8"]
[White "Bilek, Roman"]
[Black "Sargsjan, Karen"]
[Result "1-0"]
[WhiteElo "1965"]
[BlackElo "1840"]
[PlyCount "127"]
[EventDate "2010.07.??"]
[EventType "swiss"]
[EventRounds "9"]
[EventCountry "CZE"]
[SourceTitle "EXT 2012"]
[Source "ChessBase"]
[SourceDate "2011.11.24"]
[SourceVersion "1"]
[SourceVersionDate "2011.11.24"]
[SourceQuality "1"]

1. e4 c5 2. Nf3 e6 3. d4 cxd4 4. Nxd4 a6 5. Nc3 b5 6. Bd3 Bb7 7. 0-0 Qc7 8. Kh1 Nc6 9. Nxc6 Qxc6 10. a3 Nf6 11. Qe2 Be7 12. f4 h5 13. e5 Nd5 14. Ne4 Nb6 15. Bd2 f5 16. exf6 gxf6 17. Bc3 Rh6 18. Rae1 0-0-0 19. Bd4 Rg8 20. Rf2 h4 21. h3 f5 22. Nd2 Nd5 23. c4 bxc4 24. Rc1 c3 25. Qf3 Rg3 26. Bxc3 Rxf3 27. Nxf3 Nxf4 28. Bf1 Bc5 29. Bd4 Bxd4 30. Rxc6+ dxc6 31. Nxd4 Nd5 32. b4 f4 33. Bd3 Kc7 34. Nb3 e5 35. Nc5 Rd6 36. Bxa6 Bxa6 37. Nxa6+ Kb6 38. Nc5 Ne3 39. Na4+ Kc7 40. Nb2 Nf5 41. Kg1 Ng3 42. Rc2 Rd5 43. Kf2 e4 44. Ke1 Nh5 45. a4 Kb7 46. Nc4 Ka6 47. Nd2 e3 48. Nf3 Kb6 49. Nxh4 Rd4 50. Rb2 Ng3 51. Nf3 Rc4 52. Rb1 Rc2 53. Nd4 Rxg2 54. a5+ Kb7 55. Kd1 Rg1+ 56. Kc2 Rxb1 57. Kxb1 e2 58. Nf3 Ne4 59. Kc2 Ng5 60. Ne1 Nxh3 61. Kd2 Ka6 62. Kxe2 Kb5 63. Nd3 Kc4 64. a6 1-0

[Event "Prague op-B 09th"]
[Site "Prague"]
[Date "2010.01.08"]
[Round "1"]
[White "Jarabinsky, Martin"]
[Black "Bilek, Roman"]
[Result "0-1"]
[WhiteElo "1442"]
[BlackElo "1956"]
[PlyCount "22"]
[EventDate "2010.01.08"]
[EventType "swiss"]
[EventRounds "9"]
[EventCountry "CZE"]
[SourceTitle "CBM 134 Extra"]
[Source "ChessBase"]
[SourceDate "2010.03.03"]
[SourceVersion "1"]
[SourceVersionDate "2010.03.03"]
[SourceQuality "1"]

1. Nf3 Nf6 2. d4 e6 3. c4 d5 4. Bf4 c6 5. cxd5 exd5 6. h3 Bf5 7. e3 Bd6 8. Nc3 Bxf4 9. exf4 0-0 10. Bd3 Re8+ 11. Ne2 Qa5+ 0-1

[Event "CZE-chT2D 0809"]
[Site "Czech Republic"]
[Date "2009.04.05"]
[Round "11.6"]
[White "Svanda, Josef"]
[Black "Bilek, Roman"]
[Result "1/2-1/2"]
[WhiteElo "2157"]
[BlackElo "1981"]
[PlyCount "35"]
[EventDate "2008.10.12"]
[EventType "team-tourn"]
[EventRounds "11"]
[EventCountry "CZE"]
[SourceTitle "EXT 2010"]
[Source "ChessBase"]
[SourceDate "2010.11.25"]
[SourceVersion "1"]
[SourceVersionDate "2010.11.25"]
[SourceQuality "1"]

1. e4 e6 2. d4 d5 3. Nd2 Nf6 4. e5 Nfd7 5. Bd3 c5 6. c3 Nc6 7. Ne2 cxd4 8. cxd4 Qb6 9. Nf3 f6 10. exf6 Nxf6 11. Nc3 Bd6 12. 0-0 0-0 13. Re1 a6 14. a3 Bd7 15. Be3 Qc7 16. h3 Rae8 17. Rc1 Bc8 18. b4 1/2-1/2